000 00514nam a2200217Ia 4500
003 OSt
005 20250901163430.0
008 210210b2006 xxu||||| |||| 00| 0 eng d
020 _a0810957183
040 _cAL
041 _aeng
082 _a770 ZIFC
100 _aZiff Trisha Ed
_9238177
245 _aChe guevara
_b: revolutionary and icon
260 _aNew York
_b-
_c2006
300 _a128p
650 _arevolutionary
_9238178
690 _aPhotography
_9238183
906 _a066517
942 _2ddc
_cBK
999 _c147727
_d147727